La trahison de l'opulence / (Record no. 105403)

MARC details
000 -LEADER
campo de control de longitud fija 00879nam a2200277 i 4500
001 - NÚMERO DE CONTROL
campo de control 105403
003 - IDENTIFICADOR DE NÚMERO DE CONTROL
campo de control ES-MaACL
005 - FECHA Y HORA DE LA ÚLTIMA TRANSACCIÓN
campo de control 20250717065630.0
007 - CAMPO FIJO DE DESCRIPCIÓN FÍSICA--INFORMACIÓN GENERAL
campo de control de longitud fija t|
008 - DATOS DE LONGITUD FIJA--INFORMACIÓN GENERAL
campo de control de longitud fija 060706s1976 fr |||| | fre d
080 ## - NÚMERO DE LA CLASIFICACIÓN DECIMAL UNIVERSAL
Número de la Clasificación Decimal Universal 338(100)"19"
080 ## - NÚMERO DE LA CLASIFICACIÓN DECIMAL UNIVERSAL
Número de la Clasificación Decimal Universal 304
100 1# - ENTRADA PRINCIPAL--NOMBRE DE PERSONA
Nombre de persona Dupuy, Jean-Pierre.
9 (RLIN) 46139
245 13 - MENCIÓN DEL TÍTULO
Título La trahison de l'opulence /
Mención de responsabilidad, etc. Jean-Pierre Dupuy, Jean Robert ; dessins de Konk.
250 ## - MENCION DE EDICION
Mención de edición 1e éd.
260 ## - PUBLICACIÓN, DISTRIBUCIÓN, ETC.
Lugar de publicación, distribución, etc. [Paris] :
Nombre del editor, distribuidor, etc. Presses Universitaires de France,
Fecha de publicación, distribución, etc. 1976.
300 ## - DESCRIPCIÓN FÍSICA
Extensión 256 p. :
Otras características físicas il. ;
Dimensiones 23 cm.
490 1# - MENCIÓN DE SERIE
Mención de serie Économie en liberté
650 14 - PUNTO DE ACCESO ADICIONAL DE MATERIA--TÉRMINO DE MATERIA
Término de materia o nombre geográfico como elemento de entrada Política económica-
Subdivisión cronológica 1945-1989.
9 (RLIN) 167692
650 #7 - PUNTO DE ACCESO ADICIONAL DE MATERIA--TÉRMINO DE MATERIA
Término de materia o nombre geográfico como elemento de entrada Problemas sociales
Fuente del encabezamiento o término embne
9 (RLIN) 16415
700 1# - ENTRADA AGREGADA--NOMBRE PERSONAL
Nombre de persona Robert, Jean.
9 (RLIN) 97807
700 1# - ENTRADA AGREGADA--NOMBRE PERSONAL
Nombre de persona Konk (
Fechas asociadas al nombre 1944-)
9 (RLIN) 68559
830 0# - PUNTO DE ACCESO ADICIONAL DE SERIE-TÍTULO UNIFORME
Título uniforme Économie en liberté
9 (RLIN) 185020
852 ## - LOCALIZACIÓN
Ubicación ES-MaACL
Número de control de estantería AND-199
Nota libre . - Biblioteca Juan Andrade
Holdings
Estatus retirado Estado de pérdida Estado de daño No para préstamo Biblioteca de origen Biblioteca actual Ubicación en estantería Fecha de adquisición Fuente de adquisición Total de préstamos Signatura topográfica completa Código de barras Visto por última vez Precio de reemplazo Tipo de ítem Koha
        Biblioteca del Ateneo de Madrid Biblioteca del Ateneo de Madrid Depósito 2 17/01/2008     AND-199 1110035 23/02/2023 23/02/2023 Libro impreso